[Event "Essent ch-NED w"]
[Site "Leeuwarden NED"]
[Date "2002.06.27"]
[Round "8"]
[White "Peng Zhaoqin"]
[Black "Veenstra,P"]
[Result "1-0"]
[WhiteElo "2472"]
[BlackElo "2081"]

1.Nf3 d5 2.c4 dxc4 3.Na3 Nc6 4.Nxc4 f6 5.d4 Bg4 6.d5 Nb8 7.e4 e5 8.Qb3 Nd7
9.Be3 b6 10.Be2 Bc5 11.O-O Bxe3 12.Nxe3 Nc5 13.Qc2 Bd7 14.b4 Nb7 15.Rfc1 Nd6
16.Nd2 Ne7 17.Qxc7 Bb5 18.Qxd8+ Kxd8 19.Bxb5 Nxb5 20.Nb3 Kd7 21.Kf1 Rhc8
22.Ke2 Rxc1 23.Rxc1 Rc8 24.Rxc8 Nxc8 25.Kd3 Ncd6 26.g3 Nf7 27.f4 Nbd6 28.Nd2 g5
29.fxg5 Nxg5 30.h4 Ngf7 31.a4 Nh6 32.Ndc4 Nb7 33.Ke2 Kc7 34.Kf3 a5 35.bxa5 bxa5
36.Ng4 Ng8 37.Nf2 Nc5 38.Nb2 Nb3 39.Nfd3 Nh6 40.Nc4 Nd4+ 41.Kf2 Ng4+ 42.Ke1 Nb3
43.Kd1 Nh2 44.Ne3 Nd4 45.Nc5 h5 46.Ne6+ Nxe6 47.dxe6 Nf3 48.Nf5 Nh2 49.Ke2 Ng4
50.Ng7 Kd6 51.Nxh5 Kxe6 52.Ng7+ Kd6 53.Nf5+ Kc5 54.h5 Kb4 55.Kd2 Kxa4 56.Kc2 Kb4
57.h6 Nxh6 58.Nxh6 Kc4 59.Ng4 Kd4 60.Nxf6 Ke3 61.Kb3 Kf3 62.Ka4 Kxg3 63.Kxa5  1-0

[Event "1st GM"]
[Site "Bogny sur Meuse FRA"]
[Date "2002.06.28"]
[Round "2"]
[White "Pira,D"]
[Black "Collas,D"]
[Result "1/2-1/2"]
[WhiteElo "2434"]
[BlackElo "2416"]

1.Nf3 d5 2.c4 e6 3.e3 Nf6 4.b3 Be7 5.Bb2 O-O 6.d4 b6 7.Bd3 dxc4 8.bxc4 Bb7
9.Nbd2 c5 10.O-O Nc6 11.Rc1 Qd6 12.Qe2 cxd4 13.exd4 Rad8 14.Bb1 Rfe8 15.Rfe1 Qf4
16.g3 Qh6 17.h4 Bb4 18.Rcd1 Qh5 19.Qd3 Bxd2 20.Nxd2 Nxd4 21.Bxd4 e5 22.Nb3 exd4
23.Rxe8+ Rxe8 24.Nxd4 Qg4 25.Bc2 g6 26.Ba4 Rc8 27.Bb3 Rd8 28.Qe3 Re8 29.Qc3 Qh3
30.Nf3 Ng4 31.c5 Ne5 32.c6 Bxc6 33.Bxf7+ Kf8 34.Bd5 Bxd5 35.Rxd5 Nxf3+ 36.Qxf3+ Kg8
37.Rd1 Qe6 38.a4 Rf8 39.Qd3 Qf6 40.Qc2 Rf7 41.Rd5 Kg7 42.h5 Re7 43.Qd2 h6
44.hxg6 Kxg6 45.Rd4 Kh7 46.Rf4 Qe6 47.Qd3+ Qg6 48.Qf3 Qe6 49.Rf6 Qe1+ 50.Kh2 Qe5
51.Qd3+ Qe4 52.Qd6 Kg7 53.Rf4 Qe6 54.Qd3 Rf7 55.Qd4+ Kh7 56.Rh4 Qf6 57.Qe4+ Qf5
58.Kg2 Qxe4+ 59.Rxe4 Kg6 60.f4 Rb7 61.Kf3 Kf6 62.Rc4 Kg7 63.Rc6 a5 64.Kg4 b5
65.axb5 Rxb5 66.Ra6 h5+ 67.Kf3 Rb3+ 68.Ke4 Rxg3 69.Kf5 h4 70.Rxa5 h3 71.Ra7+ Kg8  1/2-1/2

[Event "13th Open"]
[Site "Ljubljana SLO"]
[Date "2002.06.28"]
[Round "7"]
[White "Mohr,G"]
[Black "Jeric,S"]
[Result "1/2-1/2"]
[WhiteElo "2509"]
[BlackElo "2298"]

1.Nf3 d5 2.c4 d4 3.g3 g6 4.Bg2 Bg7 5.O-O e5 6.d3 Ne7 7.Na3 O-O 8.Nc2 a5 9.e3 Nbc6
10.exd4 exd4 11.b3 Bf5 12.a3 Qd7 13.Bb2 Rab8 14.Re1 b5 15.Ncxd4 Nxd4 16.Bxd4 Bxd4
17.Nxd4 Qxd4 18.Rxe7 bxc4 19.dxc4 Qxd1+ 20.Rxd1 Rxb3 21.Rxc7 Rxa3 22.Bd5 Bg4
23.Rb1 Bf3 24.Bxf3 Rxf3 25.Ra1 Ra8 26.Kg2 Rc3 27.Ra4 Ra6 28.c5 Kg7 29.c6 Rcxc6
30.Rxc6  1/2-1/2

[Event "1st GM"]
[Site "Bogny sur Meuse FRA"]
[Date "2002.06.30"]
[Round "4"]
[White "Salaun,Y"]
[Black "Collas,D"]
[Result "1/2-1/2"]
[WhiteElo "2409"]
[BlackElo "2416"]

1.Nf3 d5 2.c4 e6 3.b3 Nf6 4.Bb2 Be7 5.g3 c5 6.Bg2 Nc6 7.cxd5 exd5 8.d4 O-O
9.O-O Bg4 10.Nc3 Re8 11.Rc1 cxd4 12.Nxd4 Bb4 13.Nxd5 Nxd5 14.Nxc6 bxc6 15.Qd4 Qf6
16.Qxg4 Qxb2 17.Bxd5 cxd5 18.Qxb4 Qxe2 19.Rc7 Qxa2 20.Qb7 Rab8 21.Qxd5 Qxb3
22.Qxb3 Rxb3 23.Rxa7 h5 24.h4 Re2  1/2-1/2

[Event "Open"]
[Site "Oberwart AUT"]
[Date "2002.07.06"]
[Round "2"]
[White "Dittmar,P"]
[Black "Halser,W"]
[Result "1-0"]
[WhiteElo "2349"]
[BlackElo "2158"]

1.Nf3 d5 2.c4 d4 3.g3 Nc6 4.Bg2 e5 5.d3 Nf6 6.O-O Be7 7.b4 Nxb4 8.Nxe5 O-O
9.Nd2 Re8 10.Nb3 Bf8 11.Nf3 c5 12.Re1 a5 13.a3 Nc6 14.Rb1 h6 15.Nbd2 Qc7
16.Nf1 a4 17.Bb2 Bd7 18.e4 Na5 19.Bc1 g5 20.h4 g4 21.Bf4 Qc8 22.Ne5 Nb3 23.Nxd7 Qxd7
24.Nd2 Nh5 25.Nxb3 Nxf4 26.gxf4 axb3 27.Rxb3 h5 28.e5 Ra7 29.Bd5 Qf5 30.Re4 Bh6
31.Rb6 Bxf4 32.Rf6 Rxe5 33.Rxf5 Rxf5 34.Qb3 g3 35.Rxf4 Rxf4 36.fxg3 Rf6 37.Bxb7 Re6
38.Kf2 Re7 39.Be4 Kg7 40.a4 Ra6 41.Qb5  1-0

[Event "Open"]
[Site "Oberwart AUT"]
[Date "2002.07.07"]
[Round "3"]
[White "Fridman,D"]
[Black "Dittmar,P"]
[Result "1-0"]
[WhiteElo "2571"]
[BlackElo "2349"]

1.Nf3 d5 2.c4 e6 3.d4 Nf6 4.g3 dxc4 5.Bg2 Nc6 6.Qa4 Bb4+ 7.Bd2 Nd5 8.Bxb4 Nxb4
9.O-O Rb8 10.Nc3 a6 11.Ne5 O-O 12.Bxc6 Nxc6 13.Nxc6 bxc6 14.Qxc4 Rxb2 15.Rab1 Rxb1
16.Rxb1 Qd6 17.f4 Rd8 18.Rb8 Kf8 19.Ne4 Qd5 20.Qxd5 cxd5 21.Nc5 Ke7 22.Kf2 f6
23.Ra8 h6 24.e3 Re8 25.a4 Bd7 26.Ra7 Rc8 27.Ke2 g5 28.Kd3 gxf4 29.gxf4 h5
30.h4 a5 31.Rxa5 Rg8 32.Ra7 Kd6 33.Ra6+ Ke7 34.Ra7 Kd6 35.Ra6+ Ke7 36.f5 Bc8
37.Rc6 e5 38.Ne6 Bd7 39.Rxc7 e4+ 40.Ke2 Kd6 41.Ra7 Rg2+ 42.Kf1 Rh2 43.Ra6+ Ke7
44.Nf4 Bxf5 45.Nxd5+ Kd8 46.Ra8+ Kd7 47.Nxf6+ Kd6 48.Ra5 Ke6 49.Nxh5  1-0

[Event "Open Championships"]
[Site "Paris FRA"]
[Date "2002.07.09"]
[Round "4"]
[White "Pira,D"]
[Black "Lempereur,F"]
[Result "0-1"]
[WhiteElo "2447"]
[BlackElo "2236"]

1.Nf3 d5 2.c4 c6 3.e3 Nf6 4.b3 Bg4 5.Bb2 Nbd7 6.d4 e6 7.Nbd2 Ne4 8.h3 Nxd2
9.Qxd2 Bf5 10.Be2 Bd6 11.O-O O-O 12.Rac1 Nf6 13.c5 Bc7 14.Qb4 Rb8 15.Bc3 Ne4
16.Be1 Qf6 17.Qa3 Qh6 18.Ne5 f6 19.Ng4 Bxg4 20.Bxg4 f5 21.Bf3 Ng5 22.Bd1 Nxh3+
23.gxh3 Qxh3 24.f4 Rf6 25.Kf2 Qh2+ 26.Kf3 Rg6 27.Rc2 Qh5+ 28.Kf2 Qh2+ 29.Kf3 Qh5+
30.Kf2 Qxd1 31.Qc1 Qg4 32.Bc3 Bd8 33.e4 Qg2+  0-1

[Event "Dutch Open"]
[Site "Dieren NED"]
[Date "2002.07.11"]
[Round "3"]
[White "Visser,Y"]
[Black "Ernst,S"]
[Result "0-1"]
[WhiteElo "2441"]
[BlackElo "2469"]

1.Nf3 d5 2.c4 d4 3.e3 Nc6 4.exd4 Nxd4 5.Nxd4 Qxd4 6.Nc3 Bg4 7.Be2 Bxe2 8.Qxe2 O-O-O
9.d3 Qxd3 10.Qxd3 Rxd3 11.Ke2 Rd7 12.Be3 e6 13.b4 Ne7 14.Rab1 Nf5 15.c5 Nxe3
16.fxe3 Be7 17.Rhc1 Rhd8 18.Rc2 Kb8 19.Ne4 Rd5 20.Nd2 Rg5 21.g3 Rh5 22.Nf3 Rhd5
23.c6 Bf6 24.cxb7 Kxb7 25.Rbc1 R8d7 26.a4 Kb8 27.Nd2 Bc3 28.Ne4 Bxb4 29.Rb1 a5
30.Nc5 Rd2+ 31.Kf3 Rxc2 32.Nxd7+ Kc8 33.Ne5 f6  0-1

[Event "Open"]
[Site "Oberwart AUT"]
[Date "2002.07.11"]
[Round "7"]
[White "Beim,V"]
[Black "Al Sayed,Mohamad"]
[Result "1/2-1/2"]
[WhiteElo "2555"]
[BlackElo "2405"]

1.Nf3 d5 2.c4 c6 3.e3 Nf6 4.Nc3 e6 5.b3 Nbd7 6.Bb2 Bd6 7.d4 Ne4 8.Nxe4 dxe4
9.Nd2 f5 10.Be2 O-O 11.O-O Bxh2+ 12.Kxh2 Qh4+ 13.Kg1 Rf6 14.f3 Rh6 15.fxe4 Qh2+
16.Kf2 Qh4+  1/2-1/2

[Event "Open"]
[Site "Oberwart AUT"]
[Date "2002.07.11"]
[Round "7"]
[White "Dittmar,P"]
[Black "Struk,J"]
[Result "1/2-1/2"]
[WhiteElo "2349"]
[BlackElo "2243"]

1.Nf3 d5 2.c4 e6 3.b3 Nf6 4.Bb2 Be7 5.e3 O-O 6.Be2 c5 7.O-O b6 8.cxd5 Nxd5
9.d4 cxd4 10.Nxd4 Bb7 11.Nc3 Nxc3 12.Bxc3 Nc6 13.Ba6 Qc8 14.Nxc6 Qxc6 15.Bxb7 Qxb7
16.Qg4 g6 17.Rfd1 Rfd8 18.Qf4 Qc6 19.Rdc1 Qd5 20.h4 Qf5 21.Qxf5 exf5 22.g3 Rac8
23.Be5 f6 24.Bd4 Kf7 25.a4 Bc5 26.Bxc5 Rxc5 27.Rxc5 bxc5 28.Rc1 Rd5 29.Kf1 Ke6
30.Ke2 a5 31.Rc3 Re5  1/2-1/2

[Event "2nd China-USA Summit"]
[Site "Shanghai CHN"]
[Date "2002.07.12"]
[Round "2"]
[White "Zhao Jun"]
[Black "Schneider,Dm"]
[Result "1/2-1/2"]
[WhiteElo "2363"]
[BlackElo "2429"]

1.Nf3 d5 2.c4 e6 3.b3 c5 4.Bb2 Nc6 5.cxd5 exd5 6.e3 a6 7.Be2 Nf6 8.O-O Be7
9.d4 O-O 10.Nc3 Re8 11.Rc1 cxd4 12.Nxd4 Bd6 13.Nxc6 bxc6 14.Na4 Bd7 15.Nc5 Ne4
16.Nxd7 Qxd7 17.Qc2 Rec8 18.Bd3 Qe6 19.Bxe4 dxe4 20.Rfd1 c5 21.Qc4 Qg6 22.Rd2 Re8
23.Rcd1 Bf8 24.Rd7 h5 25.Qd5 h4 26.h3 Rac8 27.Be5 c4 28.Bd6 Qe6 29.Qxe6 Rxe6
30.bxc4 Bxd6 31.R1xd6 Rxd6 32.Rxd6 Rxc4 33.Rxa6 Rc1+ 34.Kh2 Rc2 35.Kg1 Rc1+
36.Kh2 Rf1 37.Ra8+ Kh7 38.Ra4 f5 39.f3 exf3 40.Rxh4+ Kg6 41.Rf4 Rf2 42.Rxf3 Rxa2
43.Kg3 Re2 44.Kh2 Kg5 45.Kg1 Ra2 46.Rf2 Ra1+ 47.Rf1 Ra2 48.Rb1 Kh4 49.Kh2 g6
50.Rb4+ Kh5 51.Kg3 g5 52.Kf3 Ra6 53.Rb8 Re6 54.Rg8 Rf6 55.Kf2 Ra6 56.Kf3 Rf6
57.Ke2 Ra6 58.Kf2 Re6 59.g3 Ra6 60.Kf3 Rf6 61.h4 gxh4 62.Rh8+ Kg6 63.gxh4 Re6
64.Rg8+ Kf7 65.Rd8 Re4 66.Rd4 Re8 67.Kf4 Kg6 68.Rd6+ Kg7 69.Rd3 Re4+ 70.Kg5 Rg4+
71.Kxf5 Rxh4 72.Ra3 Rh6 73.Ra7+ Kf8 74.e4 Rb6 75.Ke5 Ke8 76.Kd5 Rh6 77.Ra1 Kd8
78.Rf1 Ke7 79.Rc1 Rd6+ 80.Ke5 Re6+ 81.Kd5 Rd6+ 82.Ke5 Re6+  1/2-1/2

[Event "Open Championships"]
[Site "Paris FRA"]
[Date "2002.07.13"]
[Round "8"]
[White "Peyrat,O"]
[Black "Callet,E"]
[Result "0-1"]
[WhiteElo "2300"]
[BlackElo "2147"]

1.Nf3 d5 2.c4 c6 3.g3 Nf6 4.Bg2 Bf5 5.cxd5 cxd5 6.Qb3 Qc8 7.Nc3 e6 8.O-O Nc6
9.d3 Be7 10.Bf4 O-O 11.Nh4 Bg6 12.Nxg6 hxg6 13.e4 d4 14.Ne2 e5 15.Bd2 Nd7
16.f4 b6 17.Rf3 a5 18.a3 Nc5 19.Qd1 Qa6 20.Be1 a4 21.Rc1 Rad8 22.Bf1 f5 23.Bf2 fxe4
24.dxe4 Qb7 25.Rxc5 bxc5 26.Qxa4 Rc8 27.Bh3 Rf6 28.Bxc8 Qxc8 29.Kg2 Qe6 30.fxe5 Rxf3
31.Kxf3 Nxe5+ 32.Kg2 Qf7 33.Qa8+ Kh7 34.Qc8 Qf3+ 35.Kf1  0-1

[Event "3rd Stage Russian Cup"]
[Site "Tomsk RUS"]
[Date "2002.07.13"]
[Round "6"]
[White "Logunov,M"]
[Black "Frolyanov,D"]
[Result "1-0"]
[WhiteElo "2388"]
[BlackElo "2448"]

1.Nf3 d5 2.c4 e6 3.d4 c6 4.Bg5 f6 5.Bd2 Bd6 6.Nc3 f5 7.Bg5 Nf6 8.e3 O-O 9.Bd3 a6
10.O-O Bd7 11.c5 Bc7 12.Bf4 Be8 13.Bxc7 Qxc7 14.Ne5 Nbd7 15.f4 Bh5 16.Qd2 Nxe5
17.fxe5 Ne4 18.Bxe4 fxe4 19.h3 Qe7 20.Rxf8+ Rxf8 21.Rf1 Rxf1+ 22.Kxf1 h6
23.Qf2 Qd8 24.Kg1 Bf7 25.Kh2 Qa5 26.a3 Qd8 27.Qf4 Bg6 28.Na4 Bh5 29.g4 Bf7
30.Nb6 g5 31.Qf6 Qxf6 32.exf6 Kh7 33.Nc8 Kg6 34.Nd6 Kxf6 35.Nxb7 e5 36.dxe5+ Kxe5
37.Na5 Be8 38.Nb3 h5 39.gxh5 Bxh5 40.Nd4 Be8 41.Kg3 Bd7 42.h4 gxh4+ 43.Kxh4 Kf6
44.Kg3 Kg5 45.a4 Be8 46.a5 Bd7 47.b3 Kg6 48.Kf4 Kf6 49.b4 Be8 50.b5 cxb5
51.Nc2 Bd7 52.Nb4 Bc8 53.Nxd5+ Ke6 54.Nb4 Bb7 55.c6 Ba8 56.Kxe4 Kd6 57.Kd4 Bxc6
58.Nxa6 Bb7 59.Nb4 Bc8 60.e4 Bb7 61.e5+ Ke6 62.Nd3 Bc8 63.Nc5+ Kf5 64.a6  1-0

[Event "3rd Stage Russian Cup"]
[Site "Tomsk RUS"]
[Date "2002.07.15"]
[Round "8"]
[White "Lependin,A"]
[Black "Frolyanov,D"]
[Result "1-0"]
[WhiteElo "2356"]
[BlackElo "2448"]

1.Nf3 d5 2.c4 e6 3.g3 Nf6 4.Bg2 Be7 5.O-O O-O 6.d4 c6 7.Qc2 b6 8.Rd1 Bb7
9.b3 Nbd7 10.Nc3 Rc8 11.e4 Ba6 12.e5 Ne8 13.h4 h6 14.Bh3 Nc7 15.Ne2 c5 16.Nf4 cxd4
17.Bb2 Bb7 18.Nxd4 Bc5 19.Qe2 dxc4 20.bxc4 Qe7 21.Nh5 Ne8 22.a4 a6 23.Nf4 Bxd4
24.Rxd4 Nc5 25.Rad1 Bc6 26.a5 Qb7 27.Bg2 Bxg2 28.Nxg2 Nc7 29.Ba3 Na8 30.Nf4 Qc7
31.Nh5 bxa5 32.Rg4 g6 33.Nf6+ Kg7 34.Bxc5 Qxc5 35.Rd7  1-0

[Event "Open Aegean Ch"]
[Site "Ikaros GRE"]
[Date "2002.07.18"]
[Round "6"]
[White "Khetsuriani,B"]
[Black "Nazarov,V"]
[Result "0-1"]
[WhiteElo "2415"]
[BlackElo "2195"]

1.Nf3 d5 2.c4 c6 3.cxd5 cxd5 4.d4 Nf6 5.Nc3 Nc6 6.Bf4 a6 7.Ne5 e6 8.e3 Bd6
9.Bd3 O-O 10.O-O Qc7 11.Rc1 Bd7 12.Bg3 Rac8 13.f4 Be8 14.a3 Qb8 15.Qf3 Nd7
16.Bh4 f6 17.Nxc6 bxc6 18.Bxa6 Rc7 19.Qe2 Ra7 20.Bd3 c5 21.Bg3 c4 22.Bb1 f5
23.Bh4 Rb7 24.Rf2 Nf6 25.Bxf6 Rxf6 26.Rc2 Bc7 27.h3 Ba5 28.Ba2 Rb6 29.g4 g6
30.Qf3 Bxc3 31.bxc3 Ba4 32.Rcd2 Rf7 33.gxf5 gxf5 34.Rg2+ Kh8 35.Kh2 Rfb7
36.Qf2 Qf8 37.Qh4 Qe7 38.Qg5 Qxg5 39.fxg5 Kg7 40.Kg3 Bc6 41.Kf4 Ra7 42.Ke5 Rxa3
43.Rb2 Rxb2 44.Rxb2 Rxc3 45.Kxe6 Rxe3+ 46.Kd6 c3 47.Rc2 Ba4 48.Rc1  0-1

[Event "Mercosur Cup"]
[Site "Vicente Lopez ARG"]
[Date "2002.07.19"]
[Round "1"]
[White "Slipak,S"]
[Black "Granara Barreto,S"]
[Result "1-0"]
[WhiteElo "2498"]
[BlackElo "2261"]

1.Nf3 d5 2.c4 c6 3.Qc2 Nf6 4.g3 g6 5.Bg2 Bg7 6.O-O O-O 7.d3 dxc4 8.Qxc4 Qb6
9.Nc3 Na6 10.Rb1 Qc5 11.Qxc5 Nxc5 12.b4 Ne6 13.Bd2 Nd5 14.Rfc1 Nec7 15.Ne4 f5
16.Nc5 Nb5 17.Rb3 b6 18.Na4 Bd7 19.e3 Rac8 20.Nb2 e5 21.Nc4 Rce8 22.a4 Nbc7
23.e4 fxe4 24.dxe4 Nf6 25.Nfxe5 Be6 26.Nxc6 b5 27.axb5 Nxb5 28.Rd3 Kh8 29.Nd6 Nxd6
30.Rxd6 Nd7 31.Nd4  1-0

[Event "Mercosur Cup"]
[Site "Vicente Lopez ARG"]
[Date "2002.07.19"]
[Round "1"]
[White "Slipak,S"]
[Black "Granara Barreto,S"]
[Result "1-0"]
[WhiteElo "2498"]
[BlackElo "2261"]

1.Nf3 d5 2.c4 c6 3.Qc2 Nf6 4.g3 g6 5.Bg2 Bg7 6.O-O O-O 7.d3 dxc4 8.Qxc4 Qb6
9.Nc3 Na6 10.Rb1 Qc5 11.Qxc5 Nxc5 12.b4 Ne6 13.Bd2 Nd5 14.Rfc1 Nec7 15.Ne4 f5
16.Nc5 Nb5 17.Rb3 b6 18.Na4 Bd7 19.e3 Rac8 20.Nb2 e5 21.Nc4 Rfe8 22.a4 Nbc7
23.e4 fxe4 24.dxe4 Nf6 25.Nfxe5 Be6 26.Nxc6 b5 27.axb5 Nxb5 28.Rd3 Kh8 29.Nd6 Nxd6
30.Rxd6 Nd7 31.Nd4  1-0

[Event "24th Politiken Cup"]
[Site "Copenhagen DEN"]
[Date "2002.07.21"]
[Round "7"]
[White "Peralta,F"]
[Black "Beliavsky,A"]
[Result "1-0"]
[WhiteElo "2478"]
[BlackElo "2652"]

1.Nf3 d5 2.c4 e6 3.e3 Nf6 4.Nc3 Nbd7 5.b3 c6 6.Qc2 Bd6 7.Bb2 O-O 8.Be2 a6
9.d4 b5 10.O-O Bb7 11.Rad1 Re8 12.a3 Qe7 13.c5 Bc7 14.e4 dxe4 15.Nxe4 Nxe4
16.Qxe4 e5 17.dxe5 Nxc5 18.Qc2 Ne6 19.Bd3 h6 20.Be4 Rac8 21.Rfe1 Bb8 22.Nd4 Nxd4
23.Rxd4 c5 24.Bh7+ Kh8 25.Rg4 c4 26.e6 f6 27.Bf5 Qd6 28.Rh4 cxb3 29.Qxb3 Rc4
30.Qh3 Rxh4 31.Qxh4 Qd2 32.Qb4 Qd5 33.Qg4 Qd2 34.Rd1  1-0

[Event "Battle of Senta Open"]
[Site "Senta YUG"]
[Date "2002.07.21"]
[Round "5"]
[White "Arsovic,Z"]
[Black "Stojanovic,Mih"]
[Result "1/2-1/2"]
[WhiteElo "2410"]
[BlackElo "2463"]

1.Nf3 d5 2.c4 d4 3.g3 Nc6 4.Bg2 e5 5.O-O e4 6.Ne1 Nf6 7.d3 exd3 8.Nxd3 Be7
9.b4 a6 10.Bg5 O-O 11.Bxf6 Bxf6 12.Nd2 Ne5 13.Qc2 c6 14.a4 Qe7 15.Rab1 g6
16.c5 Bf5 17.Be4 Bg4 18.Nxe5 Bxe5 19.Bf3 Bf5 20.Be4 Bg4  1/2-1/2

[Event "US Junior"]
[Site "Dallas USA"]
[Date "2002.07.22"]
[Round "7"]
[White "Rensch,D"]
[Black "Fernandez,D"]
[Result "0-1"]
[WhiteElo "2298"]
[BlackElo "2290"]

1.Nf3 d5 2.c4 c6 3.d4 Nf6 4.Nc3 dxc4 5.a4 Bf5 6.Ne5 Nbd7 7.Nxc4 Nb6 8.Ne5 a5
9.g3 g6 10.Bg2 Bg7 11.O-O O-O 12.e4 Be6 13.Be3 Nc4 14.Nxc4 Bxc4 15.Re1 Qd7
16.b3 Be6 17.Rc1 Ng4 18.d5 Nxe3 19.Rxe3 cxd5 20.exd5 Bf5 21.Qe1 Bf6 22.Nb5 Rfc8
23.Rxc8+ Rxc8 24.Qxa5 Rc2 25.Re1 Bg5 26.Qa8+ Rc8 27.Qa7 Bd2 28.Rd1 Bg4 29.Ra1 Bg5
30.d6 Rc2 31.Qxb7 Qf5 32.Rf1 Rxf2 33.Rxf2 Be3 34.Bf3 Bxf3 35.dxe7 Qb1+  0-1

[Event "Capital of Siberia Open"]
[Site "Novosibirsk RUS"]
[Date "2002.07.22"]
[Round "4"]
[White "Glukhov,M"]
[Black "Chigvintsev,A"]
[Result "0-1"]
[WhiteElo "2087"]
[BlackElo "2389"]

1.Nf3 d5 2.c4 dxc4 3.Na3 Nf6 4.Nxc4 g6 5.b3 Bg7 6.Bb2 O-O 7.g3 Be6 8.Bg2 Qc8
9.Ng5 Bd5 10.Bxd5 Nxd5 11.Bxg7 Kxg7 12.O-O f6 13.Ne4 b6 14.f4 Rd8 15.Rf3 c5
16.Nf2 Nc6 17.e4 Nc7 18.g4 Nd4 19.Rg3 Nce6 20.Nh3 Qc7 21.e5 fxe5 22.f5 Nf4
23.Re3 Nxh3+ 24.Rxh3 e4 25.d3 Qf4 26.dxe4 Nxf5 27.Qf3 Qxf3 28.Rxf3 Nd4 29.Rf2 Rf8
30.Raf1 Rxf2 31.Rxf2 Rf8 32.Rxf8 Kxf8 33.Kf2 g5 34.Ke3 Kf7 35.Kd3 Nc6 36.a4 Ke6
37.Kc3 Na5  0-1

[Event "Capital of Siberia Open"]
[Site "Novosibirsk RUS"]
[Date "2002.07.22"]
[Round "4"]
[White "Pokrasenko,A"]
[Black "Abramovich,A"]
[Result "1-0"]
[WhiteElo "2183"]
[BlackElo "2062"]

1.Nf3 d5 2.c4 d4 3.e3 Nc6 4.exd4 Nxd4 5.Nxd4 Qxd4 6.Nc3 Bf5 7.d3 e6 8.Be3 Qd7
9.d4 Nf6 10.Bd3 Bxd3 11.Qxd3 Bb4 12.O-O Bxc3 13.Qxc3 O-O 14.Rad1 h6 15.Rfe1 Qc6
16.Qb3 Rfd8 17.f3 b6 18.Bf2 Rd7 19.Bh4 Ne8 20.d5 exd5 21.cxd5 Qc5+ 22.Bf2 Qa5
23.Qc4 Nf6 24.b4 Qa4 25.Qc6 Qxc6 26.dxc6 Rdd8 27.Bg3 Re8 28.Rxe8+ Rxe8 29.Bxc7 Re6
30.b5 Re2 31.Bb8 Ne8 32.Bxa7 Nc7 33.a4  1-0

[Event "KB Czech Open"]
[Site "Pardubice CZE"]
[Date "2002.07.23"]
[Round "5"]
[White "Panchenko,AG"]
[Black "Gyimesi,Z"]
[Result "1/2-1/2"]
[WhiteElo "2390"]
[BlackElo "2580"]

1.Nf3 d5 2.c4 e6 3.e3 Nf6 4.b3 Be7 5.g3 O-O 6.Bg2 a5 7.Nc3 b6 8.O-O Ba6 9.d3 c6
10.Qe2 Nbd7 11.Bb2 Rc8 12.e4 dxc4 13.dxc4 e5 14.Rad1 Qc7 15.Rd2 Rfe8 16.Rfd1 Rcd8
17.Bh3 h5 18.Ne1 Nc5 19.Nd3 Nxd3 20.Rxd3 Rxd3 21.Rxd3 Bb4 22.Kg2 Bc5 23.Na4 Bd4
24.Bxd4 exd4 25.Rxd4 c5 26.Rd3 Rxe4 27.Re3 Rd4 28.Kg1 Qd6 29.Nc3 g6 30.Bg2 Kg7
31.h3 Rd2 32.Qe1 Qd4 33.Re2 Rd3 34.Re3 Rd2 35.Re2 Rxe2 36.Nxe2 Qe5 37.Qd2 a4
38.Nc3 a3 39.Qe3 Qf5 40.Qc1 Qd3 41.Qe3 Qc2 42.Qe5 Bc8 43.f3 Qc1+ 44.Kh2 Bb7
45.g4 hxg4 46.hxg4 Qh6+ 47.Kg1 Qc1+ 48.Kh2 Qh6+ 49.Kg1 Qc1+ 50.Bf1 g5 51.Ne2 Qb2
52.Qxg5+ Kf8 53.Qh6+ Kg8 54.Qe3 Nh7 55.Nc3 Nf8 56.Be2 Ne6 57.Kf2 Nd4 58.Qg5+  1/2-1/2

[Event "Capital of Siberia Open"]
[Site "Novosibirsk RUS"]
[Date "2002.07.25"]
[Round "7"]
[White "Glukhov,M"]
[Black "Trufanov,Alexande"]
[Result "1/2-1/2"]
[WhiteElo "2087"]
[BlackElo "2243"]

1.Nf3 d5 2.c4 e6 3.b3 Nf6 4.Bb2 Be7 5.g3 b6 6.Bg2 Bb7 7.O-O O-O 8.cxd5 exd5
9.Qc2 Nbd7 10.Nd4 c5 11.Nf5 Re8 12.Nxe7+ Qxe7 13.e3 Rad8 14.d4 Ne4 15.Nd2 Ndf6
16.Nf3 Ba6 17.Rfe1 Ng4 18.Bf1 Qf6 19.Bxa6 Qxf3 20.Qe2 Ng5 21.Qxf3 Nxf3+ 22.Kg2 Nxe1+
23.Rxe1 Re7 24.Ba3 Rc7 25.Rc1 Rd6 26.h3 Nf6 27.Bb5 Nd7 28.Bxd7 Rdxd7 29.dxc5 bxc5
30.Bxc5 f5 31.b4 Kf7 32.Rd1 Ke6 33.Rd3 Rc6 34.Ra3 a6 35.h4 g6 36.f4 Rd8 37.Kf3 Rb8
38.Ke2 Rb5 39.Rc3 Rb7 40.a4 Rb8 41.Kd3 Rb7 42.Kd4 Rc8 43.Rb3 Rbc7 44.a5 Rb7
45.Rc3 Rbb8 46.Kd3 Rb5 47.Kd4 Rcb8 48.Kd3 Rc8 49.Kd4 Rc6 50.Kd3 Rb7 51.Kd4 Rc8
52.Rb3 Rg8 53.Rb1 h6 54.Rh1 Rbg7 55.Kc3 g5 56.hxg5 hxg5 57.b5 axb5 58.Kb4 gxf4
59.gxf4 Kd7 60.Kxb5 Rb8+ 61.Bb6 Rg2 62.Rh6 Re2 63.Ka6 Ra2 64.Ka7 Re8 65.Kb7 Rb2
66.a6 Rxe3 67.a7 Ra3  1/2-1/2

[Event "Battle of Senta Open"]
[Site "Senta YUG"]
[Date "2002.07.25"]
[Round "9"]
[White "Arsovic,Z"]
[Black "Scekic,M"]
[Result "0-1"]
[WhiteElo "2410"]
[BlackElo "2404"]

1.Nf3 d5 2.c4 c6 3.g3 Nf6 4.Bg2 Bf5 5.cxd5 cxd5 6.Qb3 Qd7 7.Ne5 Qc7 8.Nc3 e6
9.d4 Nc6 10.Bf4 Qb6 11.O-O Qxb3 12.axb3 Nxd4 13.Ra4 Bc5 14.b4 Bb6 15.e3 Nc6
16.b5 Nxe5 17.Bxe5 O-O 18.Bxf6 gxf6 19.Rf4 Bg6 20.Ra1 Kg7 21.Rfa4 Rac8 22.Kf1 Bc2
23.Rg4+ Kh8 24.Rf4 f5 25.Rb4 Bc5 26.Rh4 Be4 27.f3 Bd3+ 28.Kf2 a6 29.bxa6 bxa6
30.Bf1 Bxf1 31.Rxf1 Ba3 32.bxa3 Rxc3 33.Ra4 Rb8 34.Re1 Rb2+ 35.Re2 Rxe2+
36.Kxe2 Rc6 37.Kd3 Kg7 38.Kd2 Kg6 39.Kd3  0-1

[Event "24th Politiken Cup"]
[Site "Copenhagen DEN"]
[Date "2002.07.26"]
[Round "11"]
[White "Peralta,F"]
[Black "Palo,D"]
[Result "1-0"]
[WhiteElo "2478"]
[BlackElo "2394"]

1.Nf3 d5 2.c4 d4 3.b4 f6 4.e3 e5 5.c5 d3 6.Qb3 e4 7.Nd4 Nc6 8.Bb2 a5 9.a3 Nxd4
10.Bxd4 Ne7 11.g3 Nc6 12.Bb2 Qe7 13.Bg2 f5 14.f3 Be6 15.Qc3 Bd5 16.O-O Qe6
17.fxe4 fxe4 18.b5 Na7 19.Qxa5 b6 20.cxb6 cxb6 21.Qa4 Nc8 22.Qd4 Bc5 23.Qxg7 Rg8
24.Qxh7 Ra7 25.Qh5+ Rf7 26.Nc3  1-0

[Event "2nd Summer Open"]
[Site "Savaria HUN"]
[Date "2002.07.27"]
[Round "2"]
[White "Gruskovnjak,T"]
[Black "Simo,J"]
[Result "1/2-1/2"]
[WhiteElo "2282"]
[BlackElo "2043"]

1.Nf3 d5 2.c4 Nf6 3.g3 e6 4.Bg2 Bd6 5.d4 b6 6.Nc3 O-O 7.O-O Bb7 8.Qb3 dxc4
9.Qxc4 Nbd7 10.Nb5 Bd5 11.Qc2 Be4 12.Qb3 Be7 13.Bf4 Nd5 14.Ne5 Bxg2 15.Kxg2 Nxe5
16.Bxe5 c6 17.Nc3 Nxc3 18.Qxc3 Qd5+ 19.f3 f6 20.e4 Qb5 21.Bf4 c5 22.d5 exd5
23.exd5 Rad8 24.a4 Qd7 25.Rad1 Bd6 26.Qc4 Bxf4 27.d6+ Qf7 28.Qxf4 Rfe8 29.Rd2 Re5
30.Rfd1 Qe6 31.g4 h5 32.h3 g5 33.Qg3 Re2+ 34.Kf1 Rxd2 35.Rxd2 h4 36.Qh2 Kf7
37.a5 Qe5 38.f4 Qxf4+ 39.Qxf4 gxf4 40.axb6 axb6 41.Kf2 Ke6 42.Kf3 Rxd6 43.Re2+ Kf7
44.Kxf4 Rd3 45.Rh2 Rb3 46.Kf5 b5 47.Rd2 Rf3+ 48.Ke4 Rxh3 49.Rd5 Rb3 50.Rxc5 Rxb2
51.Rh5  1/2-1/2

[Event "Lost Boys Open"]
[Site "Amsterdam NED"]
[Date "2002.07.28"]
[Round "3"]
[White "Halkias,S"]
[Black "Prakken,G"]
[Result "1-0"]
[WhiteElo "2550"]
[BlackElo "2290"]

1.Nf3 d5 2.c4 e6 3.e3 Nf6 4.b3 Bd6 5.Bb2 O-O 6.Be2 Nbd7 7.O-O c6 8.Nc3 dxc4
9.bxc4 e5 10.Qc2 Re8 11.d4 Qe7 12.Rae1 b6 13.h3 Bb7 14.dxe5 Nxe5 15.Nd4 Bc7
16.f4 Ng6 17.Bf3 Qc5 18.Na4 Qd6 19.Nf5 Qe6 20.g4 h6 21.Re2 Ba6 22.Rc1 c5
23.g5 hxg5 24.fxg5 Ne4 25.Nxg7 Qe7 26.Bxe4 Qxe4 27.Nxe8 Rxe8 28.Qxe4 Rxe4
29.Bf6 Bxc4 30.Nc3 Re8 31.Ree1 Ne5 32.Bxe5 Bxe5 33.Kg2 Kg7 34.a3 Rh8 35.Rh1 Rh4
36.e4 Be6 37.Kf3 Bxh3 38.Nd5 Bg4+ 39.Ke3 Rxh1 40.Rxh1 Kg8 41.Rf1 Kg7 42.Ne7 Bb2
43.Nf5+ Kg6 44.Kf4 Be2 45.Rh1  1-0

[Event "ch-TUR"]
[Site "Ankara TUR"]
[Date "2002.07.28"]
[Round "9"]
[White "Karadeniz,E"]
[Black "Haznedaroglu,K"]
[Result "1-0"]
[WhiteElo "2300"]
[BlackElo "2370"]

1.Nf3 d5 2.c4 c6 3.e3 Nf6 4.Qc2 e6 5.b3 Bd6 6.Bb2 O-O 7.Be2 Nbd7 8.Nc3 Qe7
9.Rg1 dxc4 10.bxc4 e5 11.g4 Nc5 12.g5 Ne8 13.h4 a5 14.h5 a4 15.Ne4 Nxe4 16.Qxe4 f5
17.gxf6 Nxf6 18.Qh4 e4 19.Nd4 Be5 20.Qg5 Ra5 21.Bc3 Rc5 22.Qg2 Bxd4 23.exd4 Rf5
24.Bb4 Qd7 25.Bxf8 Kxf8 26.Rc1 Qe7 27.d5 Bd7 28.d6 Qf7 29.c5 Rf4 30.Bc4 Nd5
31.Qg5 Rf6 32.Rb1 Be6 33.Ba6 h6 34.Qh4 Nf4 35.Rxb7 Nd3+ 36.Kd1 Nxf2+ 37.Kc2 Bd7
38.Qg3 Qxa2+ 39.Rb2 Qf7 40.Qe5 Nd3 41.Rb8+ Be8 42.Qe7+ Qxe7 43.dxe7+ Kxe7
44.Rxg7+ Bf7 45.Bxd3 exd3+ 46.Kxd3 a3 47.Ra8 a2 48.Rxa2 Kf8 49.Rxf7+ Kxf7
50.Kc4 Re6 51.Ra7+ Kf6 52.Rd7 Kg5 53.Rd6 Re2 54.d4 Kxh5 55.Rxc6 Kg5 56.d5 h5
57.d6 Kf6 58.Rc7 h4 59.Rh7  1-0

[Event "Lost Boys Open"]
[Site "Amsterdam NED"]
[Date "2002.07.30"]
[Round "5"]
[White "Willemze,T"]
[Black "Helvensteijn,D"]
[Result "1/2-1/2"]
[WhiteElo "2253"]
[BlackElo "2242"]

1.Nf3 d5 2.c4 Nc6 3.cxd5 Qxd5 4.Nc3 Qh5 5.e3 Bg4 6.Be2 e5 7.O-O O-O-O 8.h3 Bd7
9.d4 Qg6 10.Bd3 f5 11.d5 e4 12.dxc6 Bxc6 13.Ne5 Qe8 14.Nxc6 Rxd3 15.Nxa7+ Kb8
16.Qe1 Kxa7 17.a4 Qe5 18.Nb5+ Kb8 19.Bd2 Bd6 20.Nxd6 Qxd6 21.Bb4 c5 22.Bc3 Nf6
23.b4 cxb4 24.Bxb4 Qa6 25.Bc5 g5 26.Rb1 Nd5 27.Rb5 Nc7 28.Bd4 Rxd4 29.exd4 Nxb5
30.axb5 Qxb5 31.Qc3 Rc8 32.Qa3 Qa6 33.Qg3+ f4 34.Qxg5 Qd6 35.Ra1 Rc6 36.Qg8+ Rc8
37.Qa2 Rc6 38.Qa8+ Kc7 39.Rb1 Rb6 40.Rc1+ Rc6 41.Rxc6+ Kxc6 42.Qe8+ Kd5 43.Qb5+ Kxd4
44.Qxb7 h6  1/2-1/2

[Event "Open A"]
[Site "Trier GER"]
[Date "2002.07.31"]
[Round "5"]
[White "Ivanov,MM"]
[Black "Supplieth,P"]
[Result "1-0"]
[WhiteElo "2489"]
[BlackElo "2123"]

1.Nf3 d5 2.c4 c6 3.d4 Nf6 4.Qb3 e6 5.Bg5 Be7 6.e3 Nbd7 7.Nc3 O-O 8.Rd1 Re8
9.Be2 dxc4 10.Bxc4 Nd5 11.Bxe7 Qxe7 12.O-O N7f6 13.Rfe1 Qb4 14.Nxd5  1-0